000
00326nam a2200133Ia 4500
005
20260328104326.0
008
260328s9999||||xx |||||||||||||| ||und||
100
_a
Pirenne, Henri
245
0
_a
Las Ciudades de la edad media /
_c
Henri Pirenne
260
_b
Alianza
300
_a
167 p.
650
_a
EDAD MEDIA
942
_c
BK
999
_c
11544
_d
11544